Normal view
MARC view
- Ellington Duke
Entry Personal Name
001 - CONTROL NUMBER
- control field: 13757
003 - CONTROL NUMBER IDENTIFIER
- control field: IT-RoPau
005 - DATE AND TIME OF LATEST TRANSACTION
- control field: 20140217153743.0
008 - FIXED-LENGTH DATA ELEMENTS
- fixed length control field: 140217|| aca||aabn | a|a d
040 ## - CATALOGING SOURCE
- Original cataloging agency: IT-RoPau
- Transcribing agency: IT-RoPau
100 ## - HEADING--PERSONAL NAME
- Personal name: Ellington Duke
- Dates associated with a name: Codice autore musica SPICS: 13023
- Relator term: Autore musica
- Name of part/section of a work: Ring Dem Bells
670 ## - SOURCE DATA FOUND
- Source citation: Work cat.: (IT-RoPau)99843: AA.VV. 794, Vibrafono nel jazz (Il)